Algebra elemental para secundarias / (Record no. 1567)

MARC details
000 -CABECERA
campo de control de longitud fija 00619nam a2200193 a 4500
005 - FECHA Y HORA DE LA ÚLTIMA TRANSACCIÓN
campo de control 20220622111646.0
008 - ELEMENTOS DE LONGITUD FIJA--INFORMACIÓN GENERAL
campo de control de longitud fija 991125m19401951mx 000 0 spa u
035 ## - NÚMERO DE CONTROL DEL SISTEMA
Número de control de sistema UPN01000001567
049 ## - COLECCIÓN
Colección CG
050 #4 - SIGNATURA TOPOGRÁFICA DE LA BIBLIOTECA DEL CONGRESO
Número de clasificación LB1645 M6
Número de documento/Ítem N3.2
100 1# - ASIENTO PRINCIPAL--NOMBRE PERSONAL
Nombre de persona Nápoles Gandara, Alfonso
245 10 - MENCIÓN DE TÍTULO
Título Algebra elemental para secundarias /
Mención de responsabilidad, etc. Alfonso Nápoles G.
260 ## - PUBLICACIÓN, DISTRIBUCIÓN, ETC.
Lugar de publicación, distribución, etc. México :
Nombre del editor, distribuidor, etc. A. Nápoles Gandara,
Fecha de publicación, distribución, etc. c1940 (1951 impr.).
300 ## - DESCRIPCIÓN FÍSICA
Extensión 3 v.
500 ## - NOTA GENERAL
Nota general La biblioteca tiene los v.1 y 3
650 #4 - ASIENTO SECUNDARIO DE MATERIA - TERMINO TEMATICO
Término de materia o nombre geográfico como elemento de entrada Algebra
Subdivisión general Estudio y enseñanza (Secundaria)
9 (RLIN) 2078
650 #4 - ASIENTO SECUNDARIO DE MATERIA - TERMINO TEMATICO
Término de materia o nombre geográfico como elemento de entrada ALGEBRA -
Subdivisión de forma PROBLEMAS, EJERCICIOS, ETC.
9 (RLIN) 2153
905 ## - TIPO DE MATERIAL
Tipo de material Libro
Holdings
Estado de retiro Estado de pérdida Fuente del sistema de clasificación o colocación Estado dañado No para préstamo Código de colección Localización permanente Ubicación/localización actual Ubicación en estantería Enumeración/cronología de publicación seriada Total de préstamos Clasificación Código de barras Fecha visto por última vez Número de copia Tipo de ítem Koha
    Library of Congress Classification     Colección General Bib. Gregorio Torres Quintero Bib. Gregorio Torres Quintero Planta baja v.3 4 LB1645 M6 N3.2 11429 31/12/2020 1 Libro
    Library of Congress Classification     Colección General Bib. Gregorio Torres Quintero Bib. Gregorio Torres Quintero Planta baja v.1   LB1645 M6 N3.2 11434 31/12/2020 1 Libro